A numerus clausus Szegeden

Elmentve itt :
Bibliográfiai részletek
Szerző: Kancsár Attila
Dokumentumtípus: Cikk
Megjelent: Belvedere Meridionale Szeged 1991
Sorozat:Belvedere Meridionale 3 No. 4
Kulcsszavak:Zsidóüldözés - Magyarország - 20. sz., Zsidóüldözés - Szeged - 20. sz.
Tárgyszavak:
Online Access:http://acta.bibl.u-szeged.hu/4296
LEADER 00745nab a2200193 i 4500
001 acta4296
005 20250828114901.0
008 161015s1991 hu o 000 hun d
040 |a SZTE Egyetemi Kiadványok Repozitórium  |b hun 
041 |a hun 
100 1 |a Kancsár Attila 
245 1 2 |a A numerus clausus Szegeden  |h [elektronikus dokumentum] /  |c  Kancsár Attila 
260 |a Belvedere Meridionale  |b Szeged  |c 1991 
300 |a 35-38 
490 0 |a Belvedere Meridionale  |v 3 No. 4 
650 4 |a Bölcsészettudományok 
650 4 |a Történettudomány és régészet 
695 |a Zsidóüldözés - Magyarország - 20. sz., Zsidóüldözés - Szeged - 20. sz. 
856 4 0 |u http://acta.bibl.u-szeged.hu/4296/1/belvedere_1991_004_035-038.pdf  |z Dokumentum-elérés